00000000cam 2200000zi 4500
0019.957274
003CaOODSP
00520251209100959
006m     o  d f      
007cr cn|||||||||
008251112e20251208oncd    obs  f000 0 eng d
020 |a9780660796871
040 |aCaOODSP|beng|erda|cCaOODSP
043 |an-cn---
0861 |aCS11-0019/488E-PDF
1001 |aFoltin, Peter, |eauthor.
24510|aPowering progress : |btoward a better understanding of Canada's green economy / |cby Peter Foltin, Bassirou Gueye, Jiang Li.
264 1|a[Ottawa] : |bStatistics Canada = Statistique Canada, |cDecember 8, 2025.
264 4|c©2025
300 |a1 online resource (25 pages) : |bgraphs.
336 |atext|btxt|2rdacontent
337 |acomputer|bc|2rdamedia
338 |aonline resource|bcr|2rdacarrier
4901 |aAnalytical Studies Branch research paper series, |x1205-9153 ; |vno. 488
500 |aIssued also in French under title: Accélérer le progrès : vers une meilleure compréhension de l'économie verte au Canada.
504 |aIncludes bibliographical references (pages 24-25).
5203 |a"Despite Canada's ambitious climate goals and the global transition toward more sustainable economic development models, empirical evidence on how the green transition affects Canada's productivity growth is limited because of a lack of comprehensive data. This study fills this gap in two steps. First, it constructs a first-of-its-kind measure of green intensity at the detailed industry level by synthesizing multidimensional data, including information on green outputs and processes. Second, it investigates productivity dynamics by decomposing productivity growth using this newly developed green index"--Abstract, page 5.
650 0|aSustainable development|zCanada|vStatistics.
650 0|aEconomic development|xEnvironmental aspects|zCanada|vStatistics.
655 7|aStatistics|2lcgft
7102 |aStatistics Canada. |bAnalytical Studies Branch, |eissuing body.
77508|tAccélérer le progrès : |w(CaOODSP)9.957275
830#0|aResearch paper series (Statistics Canada. Analytical Studies Branch)|x1205-9153 ; |vno. 488.|w(CaOODSP)9.504421
85640|qPDF|s1.05 MB|uhttps://publications.gc.ca/collections/collection_2025/statcan/11f0019m/11f0019m2025009-eng.pdf
8564 |qHTML|sN/A|uhttps://doi.org/10.25318/11f0019m2025009-eng
986 |a11F0019M - No. 488 2025009